000 02939cam a22007214i 4500
003 PE-LiUPU
005 20250731170454.0
008 150706s2006 mx a rb 000 0 spa d
020 _a9789682475481
035 _a(Sirsi) i9789682475481
040 _aPE-LiUPU
_bspa
_cPE-LiUPU
_erda
049 _aPRUA
082 0 4 _a155.423
_bM4
_221
245 0 0 _aManual práctico :
_bdesarrollo de la segunda infancia /
_cLuz Marina Méndez Hinojosa. [et al.].
264 1 _aMéxico, D.F. :
_bTrillas,
_c2006.
300 _a167 páginas :
_bilustraciones ;
_c27 centímetros
336 _atext
_2rdacontent
337 _aunmediated
_2rdamedia
338 _avolume
_2rdacarrier
504 _aIncluye bibliografía.
505 0 _aTécnicas de medida -- Área cognoscitiva -- Memoria -- Lenguaje -- Desarrollo infantil -- Role play dramático.
526 _aSEG68
526 _aSEG70
526 _aSEG69
526 _aSEG67
526 _aSEG43
526 _aP144
526 _aP143
526 _aP131
526 _aP122
526 _aP120
526 _aP117
526 _aP112
526 _aP110
526 _aP106
526 _aP101
526 _aP80
526 _aP59
526 _aP54
526 _aP35
526 _aP33
526 _aP30
541 _g044-008278;
541 _g044-0008309;
541 _g044-0008309;
650 1 4 _aPsicología infantil.
650 2 4 _aDesarrollo del niño.
700 1 _aMéndez Hinojosa, Luz Marina
710 2 _aUniversidad Autónoma de Nuevo León
700 1 _aBarrientos Pérez, Elena,
_eautor.
700 1 _aMacías Núñez, Nora Isela,
_eautor.
700 1 _aPeña Moreno José Armando,
_eautor.
910 _agl20120730
942 _2ddc
_cBOOK
949 _a155.423 M4
_wDEWEY
_c1
_i65269
_lCCODEBUL1
_mBUL
_p14.00
_r0
_sY
_tBOOK
_u2015-7-6
_xSALUD
_PP33
_o.STAFF. Colección General
949 _a155.423 M4
_wDEWEY
_c2
_i65314
_lCCODEBUL1
_mBUL
_p14.00
_r0
_sY
_tBOOK
_u2015-7-6
_xSALUD
_PP33
_o.STAFF. Colección General
949 _a155.423 M4
_wDEWEY
_c3
_i65315
_lCCODEBUL1
_mBUL
_p16.00
_r0
_sY
_tBOOK
_u2015-7-6
_xSALUD
_PP33
_o.STAFF. Colección General
994 _aC0
_bPEPRU
596 _a1
999 _a155.423 M4
_wDEWEY
_c53846
_i65269
_d53846
_e2019-6-18
_f2021-11-3
_g6
_lCCODEBUL1
_mBUL
_n3
_p14.00
_q2
_r0
_sY
_tBOOK
_u2015-7-6
_xSALUD
_PP33
_0COMPRA
_o.STAFF. Colección Ciencias de la Salud
999 _a155.423 M4
_wDEWEY
_c2
_i65314
_d2019-6-21
_e2019-6-20
_f2021-11-3
_g6
_lCCODEBUL1
_mBUL
_n2
_p14.00
_q1
_r0
_sY
_tBOOK
_u2015-7-6
_xSALUD
_PP33
_0COMPRA
_o.STAFF. Colección Ciencias de la Salud
999 _a155.423 M4
_wDEWEY
_c3
_i65315
_d2016-6-21
_e2016-6-19
_f2021-11-3
_g6
_lCCODEBUL1
_mBUL
_n2
_p16.00
_r0
_sY
_tBOOK
_u2015-7-6
_xSALUD
_PP33
_0COMPRA
_o.STAFF. Colección Ciencias de la Salud
980 _81
_gALBERTO SANCHEZ Responsable de Automatización